| 000 | 00457nam a2200169 i 4500 | ||
|---|---|---|---|
| 001 | bg | ||
| 100 | 1 | _aMŁYNARSKI, T. | |
| 245 | 0 |
_aTeoria maszyn i mechanizmów. _nCz. 2 _pSynteza charakterystyk... / _cT. Młynarski, A. Listwan, E. Pazderski. |
|
| 250 | _aWyd. 2 poszerz. | ||
| 260 |
_aKraków, _c1990. |
||
| 700 | 1 | _aLISTWAN, A. | |
| 700 | 1 | _aPAZDERSKI, E. | |
| 040 | _cBPK | ||
| 041 | _apol | ||
| 942 | _cKS | ||
| 008 | s pl f |000 0 pol | ||
| 999 |
_c4732 _d4732 |
||
| 856 |
_uhttp://koha.tu.koszalin.pl/cgi-bin/koha/opac-detail.pl?biblionumber=4732 _yKatalog online BPK |
||